|
|
|
|
| LEADER |
00000nam0a2200000 4500 |
| 001 |
369324 |
| 005 |
20231102012154.0 |
| 035 |
|
|
|a (RuTPU)RU\TPU\retro\26706
|
| 090 |
|
|
|a 369324
|
| 100 |
|
|
|a 20220518d1979 k y0rusy50 ca
|
| 101 |
0 |
|
|a rus
|
| 102 |
|
|
|a RU
|
| 105 |
|
|
|a a z 001zy
|
| 200 |
1 |
|
|a Технология строительства нулевого цикла инженерных сооружений
|e сборник научных трудов
|f Научно-исследовательский институт московского строительства
|
| 210 |
|
|
|a Москва
|c [Б. и.]
|d 1979
|
| 215 |
|
|
|a 137 с.
|c ил.
|
| 320 |
|
|
|a Библиография в конце статей
|
| 606 |
1 |
|
|a Строительные работы
|x Нулевой цикл
|2 stltpush
|3 (RuTPU)RU\TPU\subj\57753
|9 75611
|
| 610 |
1 |
|
|a инженерные сооружения
|
| 610 |
1 |
|
|a дорожные конструкции
|
| 610 |
1 |
|
|a фибробетоны
|
| 610 |
1 |
|
|a дорожные плиты
|
| 610 |
1 |
|
|a расчет
|
| 610 |
1 |
|
|a литой асфальт
|
| 610 |
1 |
|
|a пластбетонные смеси
|
| 610 |
1 |
|
|a сваи
|
| 610 |
1 |
|
|a несущая способность
|
| 610 |
1 |
|
|a термопластовые подземные трубопроводы
|
| 610 |
1 |
|
|a температурные деформации
|
| 610 |
1 |
|
|a поливинилхлоридные трубы
|
| 610 |
1 |
|
|a соединения
|
| 610 |
1 |
|
|a прочность
|
| 610 |
1 |
|
|a пластмассовые водопроводы
|
| 610 |
1 |
|
|a теплотехнические расчеты
|
| 675 |
|
|
|a 624.15
|v 4
|
| 712 |
0 |
2 |
|a Научно-исследовательский институт московского строительства
|2 stltpush
|3 (RuTPU)RU\TPU\col\20355
|9 27724
|
| 801 |
|
1 |
|a RU
|b 63413507
|c 20220518
|
| 942 |
|
|
|c BK
|